Представление документа в формате RUSMARC

ПолеНазваниеЗначение
  Тип записи a
  Библиографический уровень m
001 Контрольный номер 5a04ebfa09c14e9090487f16a2752cef
005 Дата корректировки 20260618111441.3
010 Индекс ISBN __
b Уточнения В пер.
d Цена 1269-45
100 Данные общей обработки __
a Данные общей обработки 20240627d2024 d y0rusy028902 ca
101 Язык документа 0_
a Язык текста rus
102 Страна публикации __
a Страна публикации RU
105 Кодированные данные (монография) __
a Кодированные данные (монография) a z 000ay
181 Поле кодированных данных: вид содержания _0
a Код вида содержания (ISBD) i
182 Поле кодированных данных: тип средства _0
a Код типа средства (ISBD) n
200 Заглавие и сведения об ответственности 1_
a Заглавие Загадочная находка
f Первые сведения об ответственности Владимир Обручев
203 Вид содержания и тип средства __
a Вид содержания Текст
c Тип средства непосредственный
210 Выходные данные 1_
a Место издания Москва
c Издательство Чинар
d Дата издания 2024
215 Физическое описание __
a Объем 47 с.
d Формат 21 см
225 Серия 2_
a Серия Круг чтения
e Сведения, относящиеся к заглавию серии издание для слабовидящих
300 Общие примечания __
a Общие примечания Текст печатается по изданию: Обручев В. Загадочная находка. - Москва : ФТМ, 2010. - ISBN 978-5-4467-0233-6.
330 Аннотация __
a Аннотация В начале XX века известный английский археолог обнаружил в Центральной Азии странный предмет, который был похож и на принадлежность буддийского культа, и на метеорит. После проведенных исследований выяснилось, что это послание жителей гибнущей планеты своим соседям по Солнечной системе.
333 Примечание о целевом назначении __
a Примечание о целевом назначении 12+. Для детей старше 12 лет
606 Тематические рубрики __
a Основная рубрика Художественная литература
2 Код системы nlr_sh
606 Тематические рубрики __
a Основная рубрика Русская литература XX в. (произведения)
2 Код системы nlr_sh
610 Ключевые слова 0_
a Ключевые слова тема приключений
610 Ключевые слова 0_
a Ключевые слова чтение для слабовидящих
610 Ключевые слова 0_
a Ключевые слова книги для незрячих
610 Ключевые слова 0_
a Ключевые слова фантастика
610 Ключевые слова 0_
a Ключевые слова фантастическая литература
610 Ключевые слова 0_
a Ключевые слова романы
610 Ключевые слова 0_
a Ключевые слова тема открытий
610 Ключевые слова 0_
a Ключевые слова тема приключений
610 Ключевые слова 0_
a Ключевые слова тема путешествий
686 Индексы других классификаций __
2 Код системы rubbks
a Классификационный индекс 84(2=411.2)6-445я07; ст84(2=411.2)6-445я0
700 Автор _1
a Фамилия Обручев
b Имя В. А.
f Даты 1863-1956
g Полное личное имя Владимир Афанасьевич
4 Код отношения 070
801 Источник записи _0
a Страна RU
b Организация Муниципальное бюджетное учреждение культуры "Централизованная библиотечная система" г. Сургут (Центральная городская библиотека им. А. С. Пушкина)
c Дата составления 20240627
g Правила каталогизации PSBO
801 Источник записи _1
a Страна RU
b Организация Муниципальное бюджетное учреждение культуры "Централизованная библиотечная система" г. Сургут (Центральная городская библиотека им. А. С. Пушкина)
c Дата составления 20240627
g Правила каталогизации PSBO
852 Данные о местонахождении __
j Шифр хранения 84(2=411.2)6-445я07
i Авторский знак О-24
900 Макрообъекты __
a Макрообъекты Загадочная находка (для слабовидящих), В. Обручев, 2024
901 Тип документа __
t Тип документа m
a Ответственный ООФиК/Губина
903 Характеристики (МАРС) __
a Дата передачи 20240627
c Наименование библиотеки (МАРС) Муниципальное бюджетное учреждение культуры "Централизованная библиотечная система" г. Сургут (Центральная городская библиотека им. А. С. Пушкина)
969 Тип издания __
a Тип издания спецформат-крупношрифтовое
a Тип издания брошюра
a Тип издания крупношрифтовое издание
a Тип издания издание для слепых
a Тип издания издание для детей
990 Данные о заказе (DOS) __
j Количество экземпляров (DOS) 1
t N записи в КСУ для И/У (DOS) 202407